Entender a Kant (Record no. 66407)
[ view plain ]
| 000 -LEADER | |
|---|---|
| campo de control de longitud fija | 00619nam a2200193 i 4500 |
| 001 - NÚMERO DE CONTROL | |
| campo de control | 66407 |
| 003 - IDENTIFICADOR DE NÚMERO DE CONTROL | |
| campo de control | ES-MaACL |
| 005 - FECHA Y HORA DE LA ÚLTIMA TRANSACCIÓN | |
| campo de control | 20240125164727.0 |
| 007 - CAMPO FIJO DE DESCRIPCIÓN FÍSICA--INFORMACIÓN GENERAL | |
| campo de control de longitud fija | t| |
| 008 - DATOS DE LONGITUD FIJA--INFORMACIÓN GENERAL | |
| campo de control de longitud fija | 040213s2001 ag ||||1| spa d |
| 020 ## - NÚMERO INTERNACIONAL ESTÁNDAR DEL LIBRO | |
| Número Internacional Estándar del Libro | 950-786-305-2 |
| 100 1# - ENTRADA PRINCIPAL--NOMBRE DE PERSONA | |
| Nombre de persona | Shore, Eduardo. |
| 9 (RLIN) | 106151 |
| 245 10 - MENCIÓN DEL TÍTULO | |
| Título | Entender a Kant |
| Resto del título | : la cosa en sí en la "Crítica de la razón pura" / |
| Mención de responsabilidad, etc. | Eduardo Shore. |
| 260 ## - PUBLICACIÓN, DISTRIBUCIÓN, ETC. | |
| Lugar de publicación, distribución, etc. | Buenos Aires : |
| Nombre del editor, distribuidor, etc. | Biblos, |
| Fecha de publicación, distribución, etc. | imp. 2001. |
| 300 ## - DESCRIPCIÓN FÍSICA | |
| Extensión | 248 p. ; |
| Dimensiones | 23 cm. |
| 600 14 - PUNTO DE ACCESO ADICIONAL DE MATERIA--NOMBRE DE PERSONA | |
| Nombre de persona | Kant, Immanuel, |
| Fechas asociadas al nombre | 1724-1804- |
| Subdivisión general | Crítica e interpretación |
| 9 (RLIN) | 67497 |
| 852 ## - LOCALIZACIÓN | |
| Ubicación | ES-MaACL |
| Número de control de estantería | L-26810 |
| Sublocalización o colección | R.132403 |
| Estatus retirado | Estado de pérdida | Estado de daño | No para préstamo | Biblioteca de origen | Biblioteca actual | Ubicación en estantería | Fecha de adquisición | Fuente de adquisición | Total de préstamos | Signatura topográfica completa | Código de barras | Visto por última vez | Precio de reemplazo | Tipo de ítem Koha |
|---|---|---|---|---|---|---|---|---|---|---|---|---|---|---|
| Biblioteca del Ateneo de Madrid | Biblioteca del Ateneo de Madrid | Depósito 2 | 17/01/2008 | L-26810 | 1069569 | 23/02/2023 | 23/02/2023 | Libro impreso |
